| 000 | 00321nam a22001331 4500 | ||
|---|---|---|---|
| 050 | 0 | 0 |
_aQD561 _b.H8 |
| 100 | 1 |
_aHunt, John P., _d1923- |
|
| 245 | 1 | 0 | _aMetal ions in aqueous solution. |
| 260 |
_aNew York, _bW.A. Benjamin, _c1963. |
||
| 300 | _axi, 124 p. | ||
| 500 | _aincludes index. | ||
| 650 | 0 | _xmetal ions | |
| 942 | _cGEN | ||
| 999 |
_c2155 _d2155 |
||